| Tag |
First Indicator |
Second Indicator |
Subfields |
| LEADER |
00000cam a2200000 4500 |
| 001 |
in00000043225 |
| 005 |
20151007070924.0 |
| 008 |
800602r19061906gw abf 00010 ger d |
| 035 |
|
|
|a (OCoLC)06380512
|
| 035 |
|
|
|9 AAE4967AM
|
| 040 |
|
|
|a TXA
|c TXA
|d UtOrBLW
|
| 049 |
|
|
|a TXAM
|c [97538]
|
| 090 |
|
|
|a QE269
|b F74 1906
|
| 092 |
|
|
|a 554.3
|b F889g
|
| 100 |
1 |
|
|a Freudenberg, Wolfgang.
|
| 245 |
1 |
0 |
|a Geologie und petrographie des Katzenbuckels im Odenwald /
|c von Wilhelm Freudenberg ...
|
| 264 |
|
1 |
|a Heidelberg,
|b [publisher not identified] ;
|c 1906.
|
| 300 |
|
|
|a iii (i) [185]-344 pages :
|b map (folded) plates (part folded) tables, diagrams
|
| 336 |
|
|
|a text
|b txt
|2 rdacontent
|
| 337 |
|
|
|a unmediated
|b n
|2 rdamedia
|
| 338 |
|
|
|a volume
|b nc
|2 rdacarrier
|
| 500 |
|
|
|a Sonderabdruck aus den Mitteilungen der Grossh. badischen geologischen landesanstalt. v. bd, 1 heft, 1906.
|
| 650 |
|
0 |
|a Geology
|z Germany.
|
| 999 |
|
|
|a MARS
|
| 999 |
f |
f |
|s e5e6502b-e3b2-30f2-ac43-41860f7e0d6f
|i cc23b4c1-014b-3c83-b9e3-f0208d3f75d7
|t 0
|
| 952 |
f |
f |
|p ric
|a Texas A&M University
|b Rellis Campus
|c Joint Library Facility
|d Remote Storage
|t 0
|e QE269 F74 1906
|h Library of Congress classification
|i unmediated -- volume
|m A14800959769
|
| 998 |
f |
f |
|a QE269 F74 1906
|t 0
|l Remote Storage
|